| 000 | 00456nam a2200181Ia 4500 | ||
|---|---|---|---|
| 003 | GCL | ||
| 008 | 140319s9999 xx 000 0 eng d | ||
| 040 |
_aGCL / _cGCL |
||
| 082 | 0 | 4 |
_a320.092 _bM G |
| 100 | 1 | _aMUIRET, GERARD | |
| 245 | 1 | 0 |
_aLES GRANDES DEUVRES POLTIQUES / _cMUIRET, GERARD |
| 260 |
_a[S.N] : _bLE LIVRE DE POCHE |
||
| 650 | 0 | 4 | _aPOLITICAL PHILOSOPHY |
| 650 | 0 | 4 | _aPROTAGEERAS |
| 650 | 0 | 4 | _aSCHMITT |
| 650 | 0 | 4 | _aBODIN |
| 942 |
_2ddc _cBK |
||
| 999 |
_c24704 _d24704 |
||